Diagnostika podniku pôsobiacom v klastrovej iniciatíve diplomová práca

Saved in:
Bibliographic Details
Main Author: Hrabovská, Viktória
Corporate Author: Fakulta podnikového manažmentu EU. Katedra podnikovohospodárska
Other Authors: Deáková, Stanislava, 1974-
Format: Book
Language:Slovak
Published: Bratislava 2018
Tags: Add Tag
No Tags, Be the first to tag this record!

MARC

LEADER 00000nbm a2200000 4500
001 0244789
005 20181004111619.9
041 0 |a slo 
044 |a SK 
245 1 0 |a Diagnostika podniku pôsobiacom v klastrovej iniciatíve  |b diplomová práca  |c Viktória Hrabovská ; školiteľ: Stanislava Deáková 
264 1 |a Bratislava  |c 2018 
300 |a 82 s. 
100 1 |a Hrabovská, Viktória 
700 1 |a Deáková, Stanislava, 1974- 
710 2 |a Fakulta podnikového manažmentu EU. Katedra podnikovohospodárska